Metóda následného predaja

Transferové oceňovanie mezi závislými osobami, z ktorých každý má sídlo alebo bydlisko v inom štáte. Metódy transferového oceňovania a medóda následného predaja.

Saved in:
Bibliographic Details
Main Author: Mateášová, Martina, 1979-
Other Authors: Máziková, Katarína
Format: Book Chapter
Language:Slovak
Subjects:
Tags: Add Tag
No Tags, Be the first to tag this record!

MARC

LEADER 00000naa$a2200000$$$4500
001 0196758
005 20240502083459.8
041 0 |a slo 
044 |a CZ 
245 1 0 |a Metóda následného predaja  |c Martina Mateášová, Katarína Máziková 
520 |a Transferové oceňovanie mezi závislými osobami, z ktorých každý má sídlo alebo bydlisko v inom štáte. Metódy transferového oceňovania a medóda následného predaja. 
610 2 0 |a oceňovanie transferové 
610 2 0 |a ceny transferové 
610 2 0 |a účtovníctvo daňové 
610 2 0 |a sadzby daňové 
610 2 0 |a zdaňovanie medzinárodné 
610 2 0 |a rezidenti 
100 1 |a Mateášová, Martina, 1979- 
700 1 |a Máziková, Katarína